Les actions moléculaires dans l'organisme / (Record no. 152402)

MARC details
000 -LEADER
campo de control de longitud fija 00787nam a22002295i 4500
001 - NÚMERO DE CONTROL
campo de control 152402
003 - IDENTIFICADOR DE NÚMERO DE CONTROL
campo de control ES-MaACL
005 - FECHA Y HORA DE LA ÚLTIMA TRANSACCIÓN
campo de control 20250815112603.0
008 - DATOS DE LONGITUD FIJA--INFORMACIÓN GENERAL
campo de control de longitud fija 030403q18981900fr a |||| | fre d
040 ## - FUENTE DE CATALOGACIÓN
Centro catalogador/agencia de origen CCPB | B
Lengua de catalogación spa
Centro/agencia transcriptor CCPB | B
100 1# - ENTRADA PRINCIPAL--NOMBRE DE PERSONA
Nombre de persona Bordier, H.
9 (RLIN) 30408
245 14 - MENCIÓN DEL TÍTULO
Título Les actions moléculaires dans l'organisme /
Mención de responsabilidad, etc. par H. Bordier.
260 ## - PUBLICACIÓN, DISTRIBUCIÓN, ETC.
Lugar de publicación, distribución, etc. [S.l.] :
Nombre del editor, distribuidor, etc. Georges Carrè & C. Naud, éditeurs,
Fecha de publicación, distribución, etc. [s.a.] (
Lugar de fabricación/manufactura Chartres :
Fabricante imprimerie Durand)
300 ## - DESCRIPCIÓN FÍSICA
Extensión 101 p. :
Otras características físicas il. ;
Dimensiones 20 cm.
490 1# - MENCIÓN DE SERIE
Mención de serie Scientia. Biologie ;
Designación de volumen o secuencia 4
596 #1 - NOTA AL PIE DE IMPRENTA
NOTA AL PIE DE IMPRENTA Prólogo fechado en 1898.
596 #1 - NOTA AL PIE DE IMPRENTA
NOTA AL PIE DE IMPRENTA Los editores constan en cub.
650 #7 - PUNTO DE ACCESO ADICIONAL DE MATERIA--TÉRMINO DE MATERIA
Término de materia o nombre geográfico como elemento de entrada Bioquímica
Fuente del encabezamiento o término embne
9 (RLIN) 136796
830 0# - PUNTO DE ACCESO ADICIONAL DE SERIE-TÍTULO UNIFORME
Título uniforme Scientia. Biologie ;
Designación de volumen o secuencia 4
9 (RLIN) 221326
852 ## - LOCALIZACIÓN
Ubicación ES-MaACL
Número de control de estantería B-3263
Nota libre -- Enc. tela
Holdings
Estatus retirado Estado de pérdida Estado de daño No para préstamo Biblioteca de origen Biblioteca actual Ubicación en estantería Fecha de adquisición Fuente de adquisición Total de préstamos Signatura topográfica completa Código de barras Visto por última vez Precio de reemplazo Tipo de ítem Koha
        Biblioteca del Ateneo de Madrid Biblioteca del Ateneo de Madrid Sala Pardo Bazán 17/01/2008     B-3263 1159134 23/02/2023 23/02/2023 Libro impreso